[Event "EU-ch Online U14 Girls"]
[Site "Tornelo INT"]
[Date "2020.09.20"]
[Round "7"]
[White "Bondar, Anastasiya"]
[Black "Tashkinova, Sofiia"]
[Result "0-1"]
[WhiteElo "1390"]
[BlackElo "1788"]
[PlyCount "64"]
[EventDate "2020.09.18"]
[EventType "swiss (rapid)"]
[EventRounds "9"]
[EventCountry "NET"]
[SourceTitle "EXT 2023"]
[Source "ChessBase"]
[SourceDate "2022.10.05"]
[SourceVersion "1"]
[SourceVersionDate "2022.10.05"]
[SourceQuality "1"]
[WhiteTeam "Belarus"]
[BlackTeam "Ukraine"]
[WhiteTeamCountry "BLR"]
[BlackTeamCountry "UKR"]

1. e4 e6 2. d3 d5 3. Nd2 Nf6 4. Ngf3 Be7 5. g3 c5 6. Bg2 Nc6 7. 0-0 0-0 8. Re1 d4 9. e5 Nd5 10. h4 Qc7 11. Nf1 Bd7 12. N1h2 f6 13. exf6 Nxf6 14. Bf4 Bd6 15. Bd2 e5 16. Ng5 h6 17. Ne4 Rae8 18. c3 Nxe4 19. Bxe4 Be6 20. a3 Rf6 21. Ng4 Bxg4 22. Qxg4 Ref8 23. Rf1 Ne7 24. b4 dxc3 25. Bxc3 cxb4 26. Bxb4 Bxb4 27. axb4 Qb6 28. Ra2 Kh8 29. Qd7 Nf5 30. g4 Nxh4 31. Qxb7 Qe6 32. f3 Qxa2 0-1

[Event "BLR-chB (Women)"]
[Site "Minsk"]
[Date "2020.01.27"]
[Round "2"]
[White "Bondar, Anastasiya"]
[Black "Beinenson, Katsiaryna"]
[Result "0-1"]
[WhiteElo "1254"]
[BlackElo "1985"]
[PlyCount "72"]
[EventDate "2020.01.26"]
[EventType "swiss"]
[EventRounds "9"]
[EventCountry "BLR"]
[SourceTitle "CBM 194 Extra"]
[Source "ChessBase"]
[SourceDate "2020.03.31"]
[SourceVersion "1"]
[SourceVersionDate "2020.03.31"]
[SourceQuality "1"]

1. e4 c5 2. Nf3 Nc6 3. Bb5 Nf6 4. Bxc6 dxc6 5. d3 Bg4 6. h3 Bh5 7. Bg5 Nd7 8. Nbd2 f6 9. Be3 e5 10. Qe2 Be7 11. g4 Bf7 12. h4 Nf8 13. a3 Ne6 14. c3 Qc7 15. 0-0-0 0-0-0 16. h5 Rd7 17. Kc2 Rhd8 18. Nb3 Qb6 19. Nc1 a5 20. a4 Qa6 21. g5 b5 22. b3 bxa4 23. bxa4 Rb7 24. Rd2 Qb6 25. Kd1 Qb1 26. c4 Nd4 27. Bxd4 cxd4 28. Rc2 fxg5 29. Nxe5 Be8 30. Qg4+ Kb8 31. Qe6 Ba3 32. Nxc6+ Bxc6 33. Qxc6 Bxc1 34. Rxc1 Qxd3+ 35. Ke1 Rb2 36. Rc2 Rb1+ 0-1